00498nam a22001577a 450000500170000000800410001702000180005804100120007608200120008810000120010024501150011225000190022726000450024630000240029165000250031520241015075152.0241015b |||||||| |||| 00| 0 eng d a9780620709200 aEnglish a158 KAN lEnglish aThe Make of a Real Woman : bThe art of manifesting womanhood in the marketplace and in marriage / cNL Kangwa aFirst Edition  aJohannesburg:bKwarts Publishers, c2019 b174 pages; c22 cm. aLegal practice bLaw